000 00447nam a2200181Ia 4500
008 090124s9999 xx 000 0 und d
082 _b122626
100 _aसाठे माया
245 _a चैत्री
250 _a1
260 _c1988
300 _a211
600 _aसाठे माया
630 _a चैत्री
700 _aसाठे माया
730 _a चैत्री
942 _cBOOK
999 _c168712
_d168712